US Cities with the Same Name - Statistics

General Stats
  • This quiz has been taken 34 times
  • The average score is 17 of 27
Answer Stats
Population City % Correct
Missouri: 170,188 Springfield
93%
Massachusetts: 153,672 Springfield
93%
Illinois: 112,544 Springfield
93%
Ohio: 913,175 Columbus
87%
Georgia: 201,877 Columbus
87%
South Carolina: 142,416 Columbia
80%
Missouri: 129,330 Columbia
80%
Missouri: 510,704 Kansas City
80%
Kansas: 152,933 Kansas City
80%
Virginia: 229,247 Richmond
77%
California: 114,106 Richmond
77%
New York: 207,274 Rochester
77%
Minnesota: 122,413 Rochester
77%
Colorado: 395,052 Aurora
60%
Illinois: 177,563 Aurora
60%
North Carolina: 209,749 Fayetteville
60%
Arkansas: 101,680 Fayetteville
60%
Texas: 146,716 Pasadena
50%
California: 133,560 Pasadena
50%
Arizona: 198,750 Peoria
50%
Illinois: 110,460 Peoria
50%
Arizona: 253,855 Glendale
47%
California: 187,050 Glendale
47%
Colorado: 155,961 Lakewood
33%
New Jersey: 139,866 Lakewood
33%
California: 122,315 Concord
27%
North Carolina: 110,119 Concord
27%
No matching quizzes found
Score Distribution
Percent of People with Each Score
Percentile by Number Answered
Your Score History
You have not taken this quiz